غالب کی بعض تصانیف کے بارے میں / (Record no. 106646)

MARC details
000 -LEADER
fixed length control field 00786nam a22002417a 4500
005 - DATE AND TIME OF LATEST TRANSACTION
control field 20200212154115.0
010 ## - LCCN (DPL NO)
LC control number A-681956
020 ## - INTERNATIONAL STANDARD BOOK NUMBER
Terms of availability 80.00
035 ## - SYSTEM CONTROL NUMBER
System control number A-681956
037 ## - SOURCE OF ACQUISITION
Source of stock number/acquisition Cen Lib/Ret
082 ## - DEWEY DECIMAL CLASSIFICATION NUMBER
Classification number 841.08
100 ## - MAIN ENTRY--PERSONAL NAME
Personal name کالی داس گپتا رِضا
245 ## - TITLE STATEMENT
Title غالب کی بعض تصانیف کے بارے میں /
Statement of responsibility, etc کالی داس گپتا رضا
246 ## - VARYING FORM OF TITLE
Title proper/short title Ghalib ki baaz tasanif ke Baare mein /
Remainder of title by Kaali Das Gupta Riza
260 ## - PUBLICATION, DISTRIBUTION, ETC. (IMPRINT)
Place of publication, distribution, etc ممبئی
Name of publisher, distributor, etc سرکار پبلکشانس
Date of publication, distribution, etc 1990 ء
270 ## - ADDRESS
City ممبئی
Address جولی بھوں
300 ## - PHYSICAL DESCRIPTION
Extent 183p.
Dimensions 21cm(Hb)
650 ## - SUBJECT ADDED ENTRY--TOPICAL TERM
Topical term or geographic name as entry element ہندی ادب
650 ## - SUBJECT ADDED ENTRY--TOPICAL TERM
Topical term or geographic name as entry element ہندی نظم
650 ## - SUBJECT ADDED ENTRY--TOPICAL TERM
Topical term or geographic name as entry element Hindi literature
650 ## - SUBJECT ADDED ENTRY--TOPICAL TERM
Topical term or geographic name as entry element Hindi poetry
942 ## - ADDED ENTRY ELEMENTS (KOHA)
Source of classification or shelving scheme Dewey Decimal Classification
Item type Urdu Bks
Classification part 841.08
Call number suffix غ ا ل
Holdings
Withdrawn status Lost status Not for loan Home library Current library Date acquired Source of acquisition Cost, normal purchase price Full call number Barcode Copy number Cost, replacement price Koha item type
      Central Library Central Library 28/12/2015 Cen Lib/Ret 80.00 841.08 غ ا ل A-681956 1 80.00 Urdu Bks

© Delhi Public Library
Hit Counter
free hit counter